| 000 | 00586nam a2200181Ia 4500 | ||
|---|---|---|---|
| 003 | LDD | ||
| 008 | 190117s9999 xx 000 0 und d | ||
| 020 |
_a9788173095382 _c₹250 |
||
| 040 | _cLDD | ||
| 041 | _ahi | ||
| 082 | _a8H4.7 आ2201इ | ||
| 100 | _aआचार्य, नंदकिशोर | ||
| 245 | 0 |
_aइतिहास के सवाल _cनंदकिशोर आचार्य |
|
| 260 |
_aनई दिल्ली _bसस्ता साहित्य मंडल _c2011 |
||
| 300 | _a158पृ. | ||
| 904 | _aReqst by : J.M. Parekh | ||
| 942 |
_2ddc _cH |
||
| 999 |
_c154802 _d154802 |
||